00000000nas 2200000zi 4500
0019.951198
003CaOODSP
00520250520080504
006m     o  d f      
007cr cn ||||||||
008250516c20249999oncar p o    f0### 0eng|d
040 |aCaOODSP|beng|erda|cCaOODSP
041 |aeng|afre
043 |an-cn---
0861 |aBC1-6-PDF
1102 |aCanadian Broadcasting Corporation.|eauthor, |eissuing body.
24510|aRapport annuel sur la mise en oeuvre de la partie VII de la Loi sur les langues officielles = |bAnnual report on the implementation of part VII of the Official Languages Act.
24631|aAnnual report on the implementation of part VII of the Official Languages Act
264 1|a[Ottawa] : |bCBC = Radio-Canada, |c[2024]-
310 |aAnnual
336 |atext|btxt|2rdacontent
337 |acomputer|bc|2rdamedia
338 |aonline resource|bcr|2rdacarrier
3621 |aBegan with: 2023/2024.
546 |aText in English and French in parallel columns.
588 |aDescription based on: 2023/2024; title from PDF cover.
588 |aLatest issue consulted: 2023/2024.
61020|aCanadian Broadcasting Corporation|vPeriodicals.
61010|aCanada. |tOfficial Languages Act (1988)|vPeriodicals.
650 0|aBilingualism|zCanada|vPeriodicals.
650 0|aLanguage policy|zCanada|vPeriodicals.
655 7|aPeriodicals|2lcgft
7101 |aCanada. |bCanadian Heritage, |eissuing body.
78000|tRéalisations ... pour la mise en oeuvre de l'article 41 : |w(CaOODSP)9.940790
788 |tRapport annuel sur la mise en oeuvre de la partie VII de la Loi sur les langues officielles = |efre|w(CaOODSP)9.951199